000
00288 a2200121 4500
000
nam a22 7a 4500
005
20260224142403.0
020
_a
9789369449415
100
_a
Allison Busch
_9
1116547
245
_a
Kesav Sunhu Prabeen
260
_b
Vani Prakashan
_c
2025
942
_c
TEXL
999
_c
1680135
_d
1680135